=LDR 00000nam 2200000 4500 =001 INLIS000000000032544 =005 20130612134539 =008 ***********************************ind** =035 ##$$0010-061300000032544 =041 ##$$a ind =082 ##$$a 612.598 27 =090 ##$$a 612.63, Ind b =100 ##$$a Idrawati, Mt =245 ##$$a Bahagia Menjalani Kehamilan Sehat, Mt. Idrawati, Hotimah Wahyudin =260 ##$$a 2008 $b Yogyakarta =300 ##$$a x,190 hlm, Ilus, 19,5 cm =650 ##$$a Kehamilan-Fisiologi =700 ##$$a Wahyudin, Hotimah =850 ##$$a NBPNMAT =990 ##$$a 0001/BPAP-NTB/20142014